| 000 | 00932cam a2200277 a 4500 | ||
|---|---|---|---|
| 001 | 52162 | ||
| 003 | BD-RjUL | ||
| 005 | 20211209075749.0 | ||
| 008 | 1609 s1980 mdua 001 0 eng | ||
| 020 | _a0801822262 : | ||
| 020 | _a0801822270 (pbk.) : | ||
| 035 | _a(BD-RjUL)52282 | ||
| 040 |
_aDLC _cDLC _dDLC _beng |
||
| 041 | _aeng | ||
| 082 | 0 | 0 |
_223 _a338.4809561 _bWAS 1980 |
| 100 | 1 |
_aWålstedt, Bertil _9156028 |
|
| 245 | 1 | 0 |
_aState manufacturing enterprise in a mixed economy : _bthe Turkish case / _cBertil Wålstedt. |
| 260 |
_aBaltimore : _bPublished for the World Bank [by] the Johns Hopkins University Press, _cc1980 |
||
| 300 |
_axxii, 354 p. : _bill. ; _c23 cm. |
||
| 500 | _aIncludes index. | ||
| 650 | 0 |
_aGovernment business enterprises _zTurkey. _9156029 |
|
| 650 | 0 |
_aManufacturing industries _zTurkey. _9156030 |
|
| 650 | 0 |
_aMixed economy _zTurkey. _9156031 |
|
| 710 | 2 |
_aWorld Bank. _9156032 |
|
| 942 |
_2ddc _cBK |
||
| 999 |
_c52162 _d52162 |
||